Random Name a Country Based on First Two Letters - Statistics

General Stats
  • This quiz has been taken 4,049 times
  • The average score is 21 of 24
Answer Stats
First two letters Answer % Correct
IT Italy
97%
TU Turkmenistan | Tunisia | +2 others
97%
AU Australia | Austria
95%
CZ Czech Republic
95%
FR France
95%
IR Iran | Iraq | Ireland
95%
JA Jamaica | Japan
95%
NO North Macedonia | North Korea | Norway
95%
OM Oman
95%
QA Qatar
95%
SP Spain
95%
YE Yemen
95%
FI Fiji | Finland
94%
MO Morocco | Mozambique | +4 others
94%
NI Nicaragua | Niger | Nigeria
94%
PO Poland | Portugal
94%
RW Rwanda
94%
ZA Zambia
94%
ZI Zimbabwe
94%
EC Ecuador
93%
GH Ghana
93%
GR Greece | Grenada
93%
LI Lithuania | Liechtenstein | +2 others
93%
SL Slovakia | Slovenia
93%
SW Sweden | Switzerland
93%
UG Uganda
93%
UZ Uzbekistan
93%
AF Afghanistan
92%
AN Andorra | Angola | Antigua and Barbuda
92%
BE Belarus | Belgium | Belize | Benin
92%
BO Bolivia | Botswana | Bosnia and Herzegovina
92%
CR Croatia
92%
IN India | Indonesia
92%
MA Mauritania | Mauritius | +7 others
92%
MY Myanmar
92%
NE Nepal | Netherlands | New zealand
92%
RO Romania
92%
SO Solomon Islands | South Korea | +3 others
92%
SU Sudan | Suriname
92%
UK Ukraine
92%
VA Vanuatu | Vatican City
92%
AR Argentina | Armenia
91%
AZ Azerbaijan
91%
CH Chad | Chile | China
91%
DE Denmark / Democratic Republic of Congo
91%
GU Guatemala | Guinea | +2 others
91%
PA Papua New Guinea | Paraguay | +3 others
91%
UN United States | United Kingdom | United Arab Emirates
91%
AL Albania | Algeria
90%
BU Bulgaria | Burkina Faso | Burundi
90%
CA Cape Verde | Cameroon | +2 others
90%
CO Colombia | Comoros | Costa Rica
90%
CY Cyprus
90%
DJ Djibouti
90%
GE Georgia | Germany
90%
HU Hungary
90%
JO Jordan
90%
KE Kenya
90%
BA Bahamas | Bahrain | +2 others
89%
BR Brazil | Brunei
89%
ES Estonia | Eswatini
89%
KA Kazakhstan
89%
LA Laos | Latvia
89%
SE Senegal | Serbia | Seychelles
89%
TH Thailand
89%
TO Togo | Tonga
89%
BH Bhutan
88%
GA Gabon | Gambia
88%
NA Namibia | Nauru
88%
RU Russia
88%
TA Tajikistan | Taiwan | Tanzania
88%
UR Uruguay
88%
LE Lebanon | Lesotho
87%
SR Sri Lanka
87%
VE Venezuela
87%
EL El Salvador
86%
PH Phillippines
86%
SY Syria
86%
ER Eritrea
85%
HO Honduras
85%
IC Iceland
85%
IV Ivory Coast
85%
KI Kiribati
85%
KU Kuwait
85%
DO Dominica | Dominican Republic
84%
EQ Equatorial Guinea
84%
VI Vietnam
82%
HA Haiti
81%
KY Kyrgyzstan
81%
PE Peru
81%
SA Saudi Arabia | Sao Tome and Principe | +5 others
81%
CU Cuba
80%
KO Kosovo
80%
LU Luxembourg
76%
TR Trinidad and Tobago
76%
IS Israel
75%
EG Egypt
74%
SI Sierra Leone | Singapore
71%
EA East Timor
70%
ME Mexico
70%
CE Central African Republic
44%
FE Federated States of Micronesia
23%
No matching quizzes found
Score Distribution
Percent of People with Each Score
Percentile by Number Answered
Your Score History
You have not taken this quiz